000 00485nam a22001697a 4500
005 20260226135624.0
008 251202b |||||||| |||| 00| 0 eng d
037 _cDSWL
040 _aDSWL
_cDSWL
041 _heng
100 _aAnil, Aiswaryas
_9853855
245 _aPolicy frameworks for child wellbeing:
_bACross-country comparison of India and Norway
260 _aDelhi,
_bDepartment of Social Work
_c2025
300 _a98p
942 _2CC
_cDIS
_n0
999 _c1465758
_d1465758